zpět

Detail výsledku týmu

Mama Shelter - Holešovice, Praha

Datum a čas kvízu

36.5 Celkem bodů Celkový počet nahraných bodů na tomto kvízu bez doplňovacích otázek.
6. Pořadí na kvízu Konečné umístění týmu na tomto kvízu.

Zaznamenané odpovědi

# Otázka Odpověď Body Výsledky
1. Tato novinářka prošla celou p... Markéta Řeháková 1
2. Norský výbor se rozhodl letoš... z Íránu 1
3. Ve středu byla slavnostně zahá... Berlín, Benátky, Cannes 1
4. Ve středu byla v Berlíně předs... Škoda Kodiaq 1
5. Mezinárodní fotbalová federace... Španělsko, Portugalsko, Maroko 0
6. Téma o slavných trojicích, kte... Peugeot, Citroën, Renault 1
7. Která tříčlenná kapela stojí z... Blink-182 1
8. Na začátku které slavné původn... Matrix 0
9. S naším tématem jistě souvisí... d'Artagnana 1
10. Které společné příjmení patří... Zohorna 1